| 000 | 00849nam a22002177a 4500 | ||
|---|---|---|---|
| 005 | 20240530110950.0 | ||
| 008 | 160720s2009 ua a f 000 0 ara d | ||
| 020 | _a9789774551775 | ||
| 040 | _aEG-CaGPL | ||
| 082 | 0 | 4 |
_221 _a651.78\ _bف ف |
| 100 | _aفورسيث ؛ باتريك | ||
| 245 | 1 | 2 |
_aفن كتابة التقارير والعروض الترويجية / _cتاليف فورسيث ؛ باتريك ؛ مترجم خالد العامرى |
| 250 | _aالطبعة الاولى | ||
| 260 |
_aالقاهرة : _bدار الفاروق للاستثمارات الثقافية، _c2009 |
||
| 300 |
_a168 ص ؛ _c24 سم . |
||
| 650 | 0 | 4 | _aكتابة التقارير |
| 650 | 0 | 4 | _aالعروض الترويجية |
| 700 |
_aخالد العامرى _eمترجم |
||
| 942 |
_2ddc _cBK |
||
| 999 |
_c66982 _d66982 |
||